000 00797nam a22002177a 4500
999 _c4246
_d4246
003 AR-CdUCM
008 190308b ||||| |||| 00| 0 spa d
040 _aMUNICIPALIDAD PROVINCIAL DEL CUSCO
_cBIBLIOTECA MUNICIPAL DEL CUSCO
082 _a746 /
_bY22
100 _aYancaya Calvo, Víctor Hugo
_913425
245 _aChinchero :
_bentretejiendo cultura /
260 _aCusco:
_bInstituto Nacional de Cultura, Dirección Regional de Cultura de Cusco : Municipalidad Distrital de Chinchero,
_c2008
300 _a69 páginas ;
_bIlustraciones,
_c22 cm.
505 _aPatrimonio Cultural -- Proceso Textil -- Iconografía -- Productos textiles
650 _aCusco
_9772
650 _aChincheros
_913426
650 _aArte
_9561
650 _aTextiles
_913427
942 _2ddc
_cLIBROS
945 _admma